Echelle de mot - Paris à Brest - Statistiques

Statistiques générales
  • Ce quiz a été pris 1 321 fois
  • Le résultat moyen est 20 sur 32
Statistiques - réponses
Indice Réponse % Correct
Capitale de la France Paris
100%
Un bout de gâteau Part
98%
On y trouve des bateaux Port
98%
Va-t'en ! (-1 lettre) Pars
95%
Les fleurs s'y sentent bien (-1 lettre) Pot
87%
Première personne du singulier du verbe "Pouvoir" Peux
81%
Elle peuvent être penchées ou jumelles Tour
78%
Lorsque le soleil se lève Tôt
76%
Ville du bout de la Bretagne connue pour son port et ses verres sans fonds (+1 lettre) Brest
75%
Elle fait justice Loi
75%
Désigne un ensemble (+1 lettre) Tout
75%
Les personnes phobiques la côtoie Peur
73%
Chrétiens, musulmans et juifs l'ont Foi
70%
De route ou de croisement Feux
69%
Pose une question quand il est suivi de "Quoi" Pour
68%
Petit rongeur, parfois dans nos toitures (+1 lettre) Loir
61%
Long fleuve nommant villes et départements (+1 lettre) Loire
60%
Désigne le meilleur, est utilisé pour désigner une compilation des plus beaux moments (+1 lettre) Best
57%
Lorsqu'il est seul, on rit moins (-1 lettre) Fou
56%
Lorsque deux maisons ont le même numéro (-1 lettre) Bis
54%
Traduction de "Parier" en anglais présent dans le nom de l'application "Uni..." Bet
51%
Liquide visqueu au fond de la gorge Glaire
50%
Un honneur qui se mérite (+1 lettre) Gloire
48%
Si un pot tombe par terre (-1 lettre) Brise
46%
Quand il y en a beaucoup, on rit Foux
45%
Elle nous caresse la joue et nous rafraîchit (-1 lettre) Bise
44%
Arme de combats anciens Glaive
43%
Acte passionnel de l'un pour l'autre (-1 lettre) Baise
39%
Résidus du brûlé Braise
39%
Prénom d'un célèbre footballeur français Blaise
38%
Terre qui sert à la poterie Glaise
37%
Écrit l'information dans nos appareils électroniques Bit
36%
Aucun quiz correspondant
Distribution des résultats
% des personnes avec chaque résultat
Percentile par nombre de réponses
Votre historique - résultats
Vous n’avez pas pris ce quiz